000
00283nam a22001337a 4500
008
170405b xxu||||| |||| 00| 0 eng d
020
_a
x0007oq4pz
041
_a
eng
080
_a
574
100
_a
9
101
_a
SHM
245
_a
CHANGING ENVIROMENT
_c
BROWN.J.R
942
_2
udc
_c
BK
999
_c
9701
_d
9701